[Event "Hamilton Williams Memorial"]
[Site "Hamilton"]
[Date "2018.11.13"]
[Round "4.5"]
[White "Warren, Jamel"]
[Black "Thomas, Gary1111"]
[Result "1-0"]
[WhiteElo "1580"]
[BlackElo "1605"]
[PlyCount "33"]
[EventDate "2018.10.23"]
[EventType "swiss"]
[EventRounds "6"]
[EventCountry "BER"]
[SourceTitle "EXT 2024"]
[Source "ChessBase"]
[SourceDate "2023.10.10"]
[SourceVersion "1"]
[SourceVersionDate "2023.10.10"]
[SourceQuality "1"]

1. e4 c5 2. Nf3 d6 3. c3 e5 4. d4 Bg4 5. Be2 Nf6 6. Bg5 Be7 7. Bxf6 Bxf6 8. dxe5 Bxf3 9. exf6 Qxf6 10. Bxf3 Nc6 11. 0-0 0-0 12. Nd2 Ne5 13. Be2 Qf4 14. Qc2 f5 15. exf5 Rxf5 16. Ne4 Ng4 17. Bxg4 1-0

[Event "BER-ch"]
[Site "Hamilton"]
[Date "2018.06.12"]
[Round "7"]
[White "Gontcharov, Serguei"]
[Black "Warren, Jamel"]
[Result "1-0"]
[WhiteElo "1882"]
[BlackElo "1575"]
[PlyCount "81"]
[EventDate "2018.05.01"]
[EventType "swiss"]
[EventRounds "7"]
[EventCountry "BER"]
[SourceTitle "EXT 2024"]
[Source "ChessBase"]
[SourceDate "2023.10.10"]
[SourceVersion "1"]
[SourceVersionDate "2023.10.10"]
[SourceQuality "1"]

1. e4 e5 2. Nf3 Nc6 3. d4 exd4 4. Nxd4 Nxd4 5. Qxd4 d6 6. Bc4 Be6 7. Nc3 Bxc4 8. Qxc4 Nf6 9. Qb5+ c6 10. Qxb7 Qc8 11. Qxc8+ Rxc8 12. 0-0 Be7 13. Bf4 0-0 14. Rad1 Rfd8 15. e5 dxe5 16. Bxe5 Nd5 17. Nxd5 cxd5 18. c3 f6 19. Bd4 Bc5 20. Rfe1 a5 21. Re2 Bxd4 22. Rxd4 Kf7 23. Kf1 Rc4 24. Red2 Rxd4 25. Rxd4 Ke6 26. c4 Ke5 27. Rxd5+ Rxd5 28. cxd5 Kxd5 29. Ke2 a4 30. Kd3 f5 31. f4 h6 32. h4 g6 33. b4 axb3 34. axb3 Kc5 35. Kc3 h5 36. b4+ Kc6 37. Kc4 Kb6 38. b5 Kb7 39. Kc5 Kc7 40. b6+ Kb8 41. Kc6 1-0

[Event "Hamilton The Bermuda Longtail"]
[Site "Hamilton"]
[Date "2018.04.03"]
[Round "4"]
[White "Warren, Jamel"]
[Black "Ebbin, Larry"]
[Result "1-0"]
[WhiteElo "1506"]
[BlackElo "1578"]
[PlyCount "83"]
[EventDate "2018.03.13"]
[EventType "swiss"]
[EventRounds "6"]
[EventCountry "BER"]
[SourceTitle "EXT 2024"]
[Source "ChessBase"]
[SourceDate "2023.10.10"]
[SourceVersion "1"]
[SourceVersionDate "2023.10.10"]
[SourceQuality "1"]

1. e4 g6 2. d4 Bg7 3. Nf3 c6 4. c4 d6 5. Nc3 Nf6 6. Bf4 0-0 7. Be2 Nbd7 8. 0-0 h6 9. Qd2 g5 10. Be3 Ng4 11. Rfe1 Ndf6 12. h3 Nxe3 13. Qxe3 Nh5 14. Nxg5 hxg5 15. Bxh5 e6 16. Rad1 Qf6 17. e5 dxe5 18. dxe5 Qh6 19. Bg4 f5 20. exf6 Rxf6 21. Ne4 Rf8 22. Nd6 Rf6 23. Ne8 Kf7 24. Nxf6 Qxf6 25. Rd6 Ke7 26. c5 Bd7 27. Bxe6 Bxe6 28. Rxe6+ Qxe6 29. Qxe6+ Kf8 30. Qf5+ Kg8 31. Qxg5 Rf8 32. Re7 Rf7 33. Rxf7 Kxf7 34. b3 Bf6 35. Qf4 Kg6 36. Qb8 b6 37. Qxa7 bxc5 38. Qxc5 Kf7 39. a4 Bd8 40. a5 Be7 41. Qxc6 Bd8 42. a6 1-0

[Event "Hamilton The Bermuda Longtail"]
[Site "Hamilton"]
[Date "2018.03.20"]
[Round "2"]
[White "Davis, Brian"]
[Black "Warren, Jamel"]
[Result "0-1"]
[WhiteElo "1452"]
[BlackElo "1506"]
[PlyCount "60"]
[EventDate "2018.03.13"]
[EventType "swiss"]
[EventRounds "6"]
[EventCountry "BER"]
[SourceTitle "EXT 2024"]
[Source "ChessBase"]
[SourceDate "2023.10.10"]
[SourceVersion "1"]
[SourceVersionDate "2023.10.10"]
[SourceQuality "1"]

1. e4 e5 2. Nf3 Nc6 3. Bb5 Nf6 4. Bxc6 dxc6 5. Nxe5 Qd4 6. Nf3 Qxe4+ 7. Kf1 Bg4 8. Nc3 Bxf3 9. gxf3 Qe6 10. Qe2 Qxe2+ 11. Nxe2 0-0-0 12. d3 Bd6 13. Be3 Rhe8 14. a4 Nd5 15. Bg5 f6 16. Bd2 Re5 17. a5 Rde8 18. Nd4 c5 19. Nb5 a6 20. Nxd6+ cxd6 21. c4 Re2 22. Be1 Nf4 23. Bc3 Nxd3 24. Kg2 Rxf2+ 25. Kg3 Re3 26. Rhf1 Rexf3+ 27. Kg4 Rxf1 28. Ra3 Rf4+ 29. Kg3 Rg1+ 30. Kh3 Nf2# 0-1

[Event "Hamilton The President's Shield"]
[Site "Hamilton"]
[Date "2018.02.27"]
[Round "6"]
[White "Warren, Jamel"]
[Black "Ebbin, Larry"]
[Result "1-0"]
[WhiteElo "1540"]
[BlackElo "1578"]
[PlyCount "155"]
[EventDate "2018.01.16"]
[EventType "swiss"]
[EventRounds "6"]
[EventCountry "BER"]
[SourceTitle "EXT 2024"]
[Source "ChessBase"]
[SourceDate "2023.10.10"]
[SourceVersion "1"]
[SourceVersionDate "2023.10.10"]
[SourceQuality "1"]

1. e4 g6 2. d4 Bg7 3. Nf3 Nf6 4. Nc3 d6 5. Bc4 a6 6. Bf4 b5 7. Bb3 b4 8. e5 Nh5 9. Ne2 Nxf4 10. Nxf4 dxe5 11. Nxe5 Bxe5 12. dxe5 Qxd1+ 13. Rxd1 c6 14. 0-0 h5 15. Rfe1 g5 16. Nd3 a5 17. f3 Bf5 18. c3 a4 19. Bc4 bxc3 20. bxc3 Bxd3 21. Bxd3 e6 22. Be4 Ra5 23. Bc2 Nd7 24. Rd4 Nb6 25. Ree4 a3 26. Rb4 Nd7 27. Ra4 Rxa4 28. Rxa4 0-0 29. Rxa3 Nxe5 30. Ra5 f6 31. Be4 Rd8 32. Ra6 Rd1+ 33. Kf2 Rd6 34. Ke2 f5 35. Bc2 Nc4 36. Bb3 Nd2 37. Ba4 Nb1 38. Rxc6 Rxc6 39. Bxc6 Nxc3+ 40. Ke3 Nxa2 41. Kd4 Kf8 42. Bb5 Ke7 43. Ke5 Nb4 44. Kd4 Kd6 45. Be8 h4 46. Ke3 Nd5+ 47. Kf2 Nc7 48. Ba4 Kc5 49. g3 h3 50. f4 gxf4 51. gxf4 Kd4 52. Bc6 Kd3 53. Bd7 Ke4 54. Kg3 Ke3 55. Bc8 Ke4 56. Bd7 Kd5 57. Kxh3 Kd6 58. Ba4 Nd5 59. Kg3 Nc3 60. Bc2 Nd5 61. h4 Ne3 62. Bd3 Ng4 63. h5 Kd5 64. Kh4 Kd4 65. Be2 Nf6 66. Kg5 Ne4+ 67. Kg6 Ke3 68. Bc4 Kxf4 69. h6 Ke5 70. h7 Nd6 71. h8Q+ Ke4 72. Bxe6 f4 73. Qh1+ f3 74. Qb1+ Ke5 75. Qe1+ Ne4 76. Bf5 f2 77. Qxe4+ Kd6 78. Qf4+ 1-0

[Event "Hamilton The Joe Lattyak"]
[Site "Hamilton"]
[Date "2017.10.03"]
[Round "5"]
[White "Dacres, Don"]
[Black "Warren, Jamel"]
[Result "1-0"]
[WhiteElo "1750"]
[BlackElo "1502"]
[PlyCount "75"]
[EventDate "2017.09.05"]
[EventType "swiss"]
[EventRounds "5"]
[EventCountry "BER"]
[SourceTitle "EXT 2024"]
[Source "ChessBase"]
[SourceDate "2023.10.10"]
[SourceVersion "1"]
[SourceVersionDate "2023.10.10"]
[SourceQuality "1"]

1. d4 Nf6 2. c4 e6 3. Nc3 Bb4 4. Qc2 b6 5. a3 Bxc3+ 6. bxc3 Bb7 7. Bg5 Nc6 8. e4 h6 9. Bh4 g5 10. Bg3 Nh5 11. Be2 Nxg3 12. hxg3 Qe7 13. Nf3 d6 14. d5 Na5 15. Nd4 c5 16. Nb3 Nxb3 17. Qxb3 e5 18. Bg4 Bc8 19. Bxc8 Rxc8 20. a4 Qb7 21. a5 Qa6 22. Qb5+ Qxb5 23. cxb5 c4 24. axb6 axb6 25. Ra7 Kf8 26. Kd2 Kg7 27. Rha1 Kg6 28. Rb7 Rb8 29. Raa7 Rhf8 30. Rxb8 Rxb8 31. Rc7 f5 32. Rxc4 fxe4 33. Rc6 Rf8 34. Rxd6+ Kh5 35. Ke3 Rc8 36. Rc6 Rd8 37. Kxe4 Ra8 38. Rxb6 1-0

[Event "Hamilton The Joe Lattyak"]
[Site "Hamilton"]
[Date "2017.09.26"]
[Round "4"]
[White "Casanova, Rey"]
[Black "Warren, Jamel"]
[Result "1-0"]
[WhiteElo "1676"]
[BlackElo "1502"]
[PlyCount "91"]
[EventDate "2017.09.05"]
[EventType "swiss"]
[EventRounds "5"]
[EventCountry "BER"]
[SourceTitle "EXT 2024"]
[Source "ChessBase"]
[SourceDate "2023.10.10"]
[SourceVersion "1"]
[SourceVersionDate "2023.10.10"]
[SourceQuality "1"]

1. e4 e5 2. Nf3 Nc6 3. Bb5 a6 4. Ba4 b5 5. Bb3 Nf6 6. d3 Bc5 7. c3 Bb7 8. 0-0 h6 9. h3 0-0 10. Re1 Re8 11. Bc2 a5 12. b3 d5 13. Nbd2 dxe4 14. Nxe4 Nxe4 15. dxe4 Qxd1 16. Bxd1 Rad8 17. Be3 Bxe3 18. Rxe3 b4 19. Be2 Re6 20. Bc4 Red6 21. Bd5 Re8 22. Bxc6 Rxc6 23. c4 Rd6 24. Re2 f6 25. Ne1 Red8 26. f3 Rd1 27. Rxd1 Rxd1 28. Kf2 c5 29. Ke3 Rd8 30. Rd2 Rc8 31. Rd7 Ba6 32. Nd3 a4 33. Rd5 axb3 34. axb3 Bb7 35. Rxc5 Rxc5 36. Nxc5 Bc8 37. Nd3 Kf8 38. Nxb4 Ke7 39. Nd3 Be6 40. f4 exf4+ 41. Nxf4 Bf7 42. Kd4 Kd6 43. g4 Kc6 44. b4 Kd6 45. Nh5 Bxh5 46. gxh5 1-0

[Event "Hamilton The Joe Lattyak"]
[Site "Hamilton"]
[Date "2017.09.19"]
[Round "3"]
[White "Warren, Jamel"]
[Black "Gontcharov, Serguei"]
[Result "1/2-1/2"]
[WhiteElo "1502"]
[BlackElo "1872"]
[PlyCount "70"]
[EventDate "2017.09.05"]
[EventType "swiss"]
[EventRounds "5"]
[EventCountry "BER"]
[SourceTitle "EXT 2024"]
[Source "ChessBase"]
[SourceDate "2023.10.10"]
[SourceVersion "1"]
[SourceVersionDate "2023.10.10"]
[SourceQuality "1"]

1. e4 c5 2. Nf3 e6 3. d4 cxd4 4. Nxd4 a6 5. Nc3 Qc7 6. Bd3 Bc5 7. Nf3 Nf6 8. h3 d6 9. 0-0 b5 10. Re1 Nbd7 11. Bf4 Bb7 12. e5 dxe5 13. Nxe5 Nxe5 14. Bxe5 Qc6 15. Be4 Nxe4 16. Nxe4 f6 17. Bxf6 gxf6 18. Qh5+ Ke7 19. Qxc5+ Qxc5 20. Nxc5 Bd5 21. c3 Rhg8 22. g3 h5 23. h4 f5 24. Nd3 Kf6 25. Nf4 Rh8 26. Nxd5+ exd5 27. f4 Rhe8 28. Rxe8 Rxe8 29. Kf2 Re4 30. b3 Ke6 31. Re1 Kd6 32. b4 Kc6 33. Rd1 Rc4 34. Rd3 Re4 35. Re3 Kd6 1/2-1/2

[Event "Olympiad-40"]
[Site "Istanbul"]
[Date "2012.09.03"]
[Round "6.4"]
[White "Manuel, Menandro"]
[Black "Warren, Jamel"]
[Result "1/2-1/2"]
[WhiteElo "1922"]
[BlackElo "1529"]
[PlyCount "61"]
[EventDate "2012.08.28"]
[EventType "team-swiss"]
[EventRounds "11"]
[EventCountry "TUR"]
[SourceTitle "CBM 151"]
[Source "ChessBase"]
[SourceDate "2012.11.13"]
[SourceVersion "1"]
[SourceVersionDate "2012.11.13"]
[SourceQuality "1"]
[WhiteTeam "Palau"]
[BlackTeam "Bermuda"]
[WhiteTeamCountry "PAL"]
[BlackTeamCountry "BER"]

1. d4 Nf6 2. c4 e6 3. Nc3 Bb4 4. Qb3 Bxc3+ 5. Qxc3 b6 6. Bg5 d6 7. Qf3 d5 8. e3 Nbd7 9. Rc1 Bb7 10. Nh3 Qe7 11. a3 c5 12. Bh4 h6 13. Bg3 Ne4 14. Bd3 Nxg3 15. Qxg3 0-0 16. 0-0 Nf6 17. f3 cxd4 18. cxd5 Bxd5 19. e4 Bb3 20. Rc7 Nd7 21. Bb5 Rfd8 22. Rfc1 a6 23. Bd3 e5 24. Qg4 Be6 25. Qg3 Bb3 26. f4 f6 27. Bxa6 Rxa6 28. Qxb3+ Kh7 29. Qb5 Qe6 30. Qxa6 Nc5 31. R7xc5 1/2-1/2